| 000 | 00347nam a2200121Ia 4500 | ||
|---|---|---|---|
| 005 | 20251222154309.0 | ||
| 008 | 251222s9999||||xx |||||||||||||| ||spa|| | ||
| 020 | _a84-7960-306-23 | ||
| 082 | _a868.6/G67/Ej.2 | ||
| 100 | _a"Gonzáles Gutierrez, CayoSuárez Gonzáles, Manuel" | ||
| 245 | 0 | _aAntología poética del paisaje de España | |
| 942 | _cLIB | ||
| 999 |
_c33331 _d33331 |
||